[Event "Senior DM 65+ 2024"]
[Site "Aarhus"]
[Date "2024.02.18"]
[Round "7.16"]
[White "Lavrsen, Frands Winther"]
[Black "Gronhoj, Benny"]
[Result "1/2-1/2"]
[WhiteElo "1691"]
[BlackElo "1934"]
[PlyCount "181"]
[EventDate "2024.02.12"]
[EventType "swiss"]
[EventRounds "7"]
[EventCountry "DEN"]
[SourceTitle "Live v. Thomas Vestergaard"]

1. f4 e5 2. fxe5 d6 3. exd6 Bxd6 4. Nf3 Nf6 5. d4 Nc6 6. Nc3 Bf5 7. Bg5 Be7 8. Bxf6 Bxf6 9. e3 Nb4 10. Bd3 Bxd3 11. cxd3 O-O 12. a3 Nd5 13. Qd2 Re8 14. Nxd5 Qxd5 15. O-O Re6 16. Rf2 Qd6 17. Re1 Rd8 18. Rd1 Rde8 19. Re1 b6 20. b4 c5 21. Rfe2 cxd4 22. e4 Qd7 23. Rc1 Qa4 24. Qb2 a5 25. Rec2 Qb5 26. Qb3 axb4 27. axb4 Qh5 28. Rc6 Qh6 29. Qd1 Be7 30. Rxe6 fxe6 31. b5 Bc5 32. Qd2 Qf6 33. Ra1 Bd6 34. Ra7 Rc8 35. Rb7 Bf4 36. Qa2 Bc7 37. Qa7 Qd8 38. Qa2 Qd6 39. e5 Qe7 40. Ng5 Re8 41. Nxe6 Qxe6 42. Qxe6+ Rxe6 43. Rxc7 Rxe5 44. Rd7 Rxb5 45. Rxd4 Kf7 46. Kf2 Ke6 47. Re4+ Re5 48. Rc4 Kd6 49. Rf4 Re7 50. Rc4 b5 51. Rc8 Rb7 52. Ke3 b4 53. Kd2 Ra7 54. Rc2 Rb7 55. Rc8 Ra7 56. Rc2 Kd5 57. Rb2 Rb7 58. Rb3 Kc5 59. Rb2 Kd4 60. Rb3 Kc5 61. Rb2 Kb5 62. Kc2 Rc7+ 63. Kd2 Ka4 64. Ra2+ Kb3 65. Ra5 Rc2+ 66. Ke3 Rxg2 67. h4 Kb2 68. d4 Rh2 69. Ra7 b3 70. Rxg7 Kc2 71. Rc7+ Kd1 72. Rb7 b2 73. d5 Re2+ 74. Kd4 Kc1 75. d6 b1=Q 76. Rxb1+ Kxb1 77. Kc5 Rd2 78. Kc6 Kc1 79. d7 Kd1 80. h5 Ke2 81. Kc7 Kf3 82. d8=Q Rxd8 83. Kxd8 Kg4 84. h6 Kg5 85. Ke7 Kxh6 86. Kf6 Kh5 87. Kf5 Kh4 88. Kf4 h5 89. Kf3 Kh3 90. Kf2 Kh2 91. Kf1 1/2-1/2

[Event "Senior DM 65+ 2024"]
[Site "Aarhus"]
[Date "2024.02.18"]
[Round "7.18"]
[White "Andersen, Villy Abildgaard"]
[Black "Westenvind, Allan"]
[Result "0-1"]
[WhiteElo "1602"]
[BlackElo "1820"]
[PlyCount "22"]
[EventDate "2024.02.12"]
[EventType "swiss"]
[EventRounds "7"]
[EventCountry "DEN"]
[SourceTitle "Live v. Thomas Vestergaard"]

1. e4 d5 2. exd5 Nf6 3. d4 Bg4 4. f3 Bf5 5. g4 Bg6 6. Nc3 Nxd5 7. Nge2 Nb4 8. Ne4 e6 9. a3 Nd5 10. Nf4 Bxe4 11. fxe4 Qh4+ 0-1

[Event "Senior DM 65+ 2024"]
[Site "Aarhus"]
[Date "2024.02.18"]
[Round "7.19"]
[White "Bohnstedt, Michael"]
[Black "Lauritzen, Vagn"]
[Result "1/2-1/2"]
[WhiteElo "1439"]
[BlackElo "1553"]
[PlyCount "46"]
[EventDate "2024.02.12"]
[EventType "swiss"]
[EventRounds "7"]
[EventCountry "DEN"]
[SourceTitle "Live v. Thomas Vestergaard"]

1. e4 e6 2. d4 d5 3. Nc3 Bb4 4. Bd3 c5 5. a3 cxd4 6. axb4 dxc3 7. bxc3 dxe4 8. Bb5+ Bd7 9. Qe2 Bxb5 10. Qxb5+ Qd7 11. Qg5 f6 12. Qg3 Nc6 13. Be3 Rd8 14. Ne2 Kf7 15. O-O b6 16. Nd4 Nge7 17. Qg4 f5 18. Qe2 Nd5 19. Nxc6 Qxc6 20. Rxa7+ Rd7 21. Rxd7+ Qxd7 22. Rd1 Qc6 23. Ra1 Qxc3 1/2-1/2